[Event "Abe Yanofsky mem."]
[Site "Winnipeg CAN"]
[Date "2005.09.03"]
[Round "1"]
[White "Bist, Jordan"]
[Black "Van Wyk, Joseph"]
[Result "0-1"]
[WhiteElo "1218"]
[BlackElo "1885"]
[PlyCount "65"]
[GameId "2160767910900320"]
[EventDate "2005.09.03"]
[EventType "swiss"]
[EventRounds "6"]
[EventCountry "CAN"]
[SourceTitle "CBM 108 Extra"]
[Source "ChessBase"]
[SourceDate "2005.11.04"]
[SourceVersion "1"]
[SourceVersionDate "2005.11.04"]
[SourceQuality "1"]

1. e4 e5 2. f4 d6 3. Nc3 exf4 4. Nf3 Be7 5. d4 g5 6. h3 h5 7. Be2 Nc6 8. O-O Bf6 9. Bb5 Bd7 10. Bxc6 Bxc6 11. e5 dxe5 12. dxe5 Qxd1 13. Rxd1 Bxf3 14. gxf3 Bxe5 15. Re1 f6 16. Nd5 Ne7 17. Nxe7 Kxe7 18. Bd2 Kf7 19. c3 Rad8 20. Rad1 Rd3 21. Kf2 Rhd8 22. Re2 Bd6 23. a3 Bc5+ 24. Ke1 Be3 25. b3 Kg6 26. c4 f5 27. a4 g4 28. hxg4 fxg4 29. fxg4 hxg4 30. b4 Bxd2+ 31. Rdxd2 Rxd2 32. Rxd2 Rxd2 33. Kxd2 0-1

[Event "Abe Yanofsky mem."]
[Site "Winnipeg CAN"]
[Date "2005.09.03"]
[Round "1"]
[White "Bist, Kent"]
[Black "Hughey, Micah"]
[Result "0-1"]
[WhiteElo "1571"]
[BlackElo "2007"]
[PlyCount "67"]
[GameId "2160767910900321"]
[EventDate "2005.09.03"]
[EventType "swiss"]
[EventRounds "6"]
[EventCountry "CAN"]
[SourceTitle "CBM 108 Extra"]
[Source "ChessBase"]
[SourceDate "2005.11.04"]
[SourceVersion "1"]
[SourceVersionDate "2005.11.04"]
[SourceQuality "1"]

1. c4 e6 2. Nc3 d5 3. d4 c5 4. e3 Nf6 5. Nf3 Nc6 6. b3 cxd4 7. exd4 Bb4 8. Bb2 Qa5 9. Qc2 Ne4 10. Rc1 Qxa2 11. Bd3 Nxc3 12. Bxc3 Qxc2 13. Rxc2 dxc4 14. bxc4 b6 15. O-O Bxc3 16. Rxc3 Bb7 17. d5 Nd8 18. Nd4 exd5 19. Re1+ Ne6 20. Nxe6 fxe6 21. Rxe6+ Kf7 22. cxd5 Rhc8 23. Rec6 Bxc6 24. dxc6 Rc7 25. Ba6 Rd8 26. g3 Rd6 27. Bb7 Rd5 28. Ra3 a5 29. Rb3 a4 30. Rf3+ Ke7 31. h4 b5 32. Re3+ Kd6 33. Re8 a3 34. Re3 0-1

[Event "Abe Yanofsky mem."]
[Site "Winnipeg CAN"]
[Date "2005.09.03"]
[Round "1"]
[White "Bluvshtein, Mark"]
[Black "Rutter, Blair"]
[Result "1-0"]
[WhiteElo "2553"]
[BlackElo "1772"]
[PlyCount "51"]
[GameId "2160767910900322"]
[EventDate "2005.09.03"]
[EventType "swiss"]
[EventRounds "6"]
[EventCountry "CAN"]
[SourceTitle "CBM 108 Extra"]
[Source "ChessBase"]
[SourceDate "2005.11.04"]
[SourceVersion "1"]
[SourceVersionDate "2005.11.04"]
[SourceQuality "1"]

1. d4 e6 2. e4 d5 3. Bd3 Nf6 4. e5 Nfd7 5. Nf3 c5 6. c3 Nc6 7. O-O Be7 8. a3 Nf8 9. b4 c4 10. Bc2 Bd7 11. a4 g5 12. Ne1 Ng6 13. Qh5 Kf8 14. f4 gxf4 15. Bxf4 Kg8 16. Bh6 Be8 17. Nf3 f5 18. exf6 Bxf6 19. Qg4 Qe7 20. h4 Bg7 21. Bg5 h5 22. Qg3 Qd7 23. Nbd2 Bf7 24. b5 Na5 25. Be3 Qe8 26. Ng5 1-0

[Event "Abe Yanofsky mem."]
[Site "Winnipeg CAN"]
[Date "2005.09.03"]
[Round "1"]
[White "Booth, Kevin"]
[Black "Kaptsan, Aron"]
[Result "0-1"]
[WhiteElo "1336"]
[BlackElo "1900"]
[PlyCount "36"]
[GameId "2160767910900323"]
[EventDate "2005.09.03"]
[EventType "swiss"]
[EventRounds "6"]
[EventCountry "CAN"]
[SourceTitle "CBM 108 Extra"]
[Source "ChessBase"]
[SourceDate "2005.11.04"]
[SourceVersion "1"]
[SourceVersionDate "2005.11.04"]
[SourceQuality "1"]

1. d4 Nf6 2. c4 e6 3. g3 c5 4. Nf3 cxd4 5. Nxd4 d5 6. Bg2 e5 7. Nb3 d4 8. O-O Nc6 9. Bg5 Be7 10. f4 Ng4 11. Qd3 Bxg5 12. fxg5 Ne3 13. Rf2 Nxg2 14. Kxg2 Qxg5 15. N1d2 O-O 16. Raf1 f5 17. a3 Rf6 18. Nf3 Qh5 0-1

[Event "Abe Yanofsky mem."]
[Site "Winnipeg CAN"]
[Date "2005.09.03"]
[Round "1"]
[White "Boron, Anthony"]
[Black "Anderson, George"]
[Result "1-0"]
[WhiteElo "1964"]
[BlackElo "1486"]
[PlyCount "47"]
[GameId "2160767910900324"]
[EventDate "2005.09.03"]
[EventType "swiss"]
[EventRounds "6"]
[EventCountry "CAN"]
[SourceTitle "CBM 108 Extra"]
[Source "ChessBase"]
[SourceDate "2005.11.04"]
[SourceVersion "1"]
[SourceVersionDate "2005.11.04"]
[SourceQuality "1"]

1. e4 e6 2. d3 Nc6 3. Nf3 Bc5 4. d4 Bb6 5. c3 Nce7 6. a4 a6 7. b4 a5 8. b5 d5 9. e5 h6 10. Ba3 Ng6 11. Bd3 N8e7 12. O-O Bd7 13. Nbd2 Nf4 14. Bc2 g5 15. g3 Nfg6 16. h3 c6 17. Bd3 Rc8 18. c4 c5 19. dxc5 dxc4 20. Bxg6 Bxc5 21. Bxc5 Nxg6 22. Ne4 Qc7 23. Nf6+ Kd8 24. Bb6 1-0

[Event "Abe Yanofsky mem."]
[Site "Winnipeg CAN"]
[Date "2005.09.03"]
[Round "1"]
[White "Cleto, Sam"]
[Black "Shipov, Sergei"]
[Result "0-1"]
[WhiteElo "1778"]
[BlackElo "2620"]
[PlyCount "44"]
[GameId "2160767910900325"]
[EventDate "2005.09.03"]
[EventType "swiss"]
[EventRounds "6"]
[EventCountry "CAN"]
[SourceTitle "CBM 108 Extra"]
[Source "ChessBase"]
[SourceDate "2005.11.04"]
[SourceVersion "1"]
[SourceVersionDate "2005.11.04"]
[SourceQuality "1"]

1. Nf3 Nf6 2. c4 c5 3. Nc3 e6 4. g3 b6 5. Bg2 Bb7 6. O-O Be7 7. d3 O-O 8. Bg5 h6 9. Bxf6 Bxf6 10. e4 Nc6 11. Rb1 g6 12. Nb5 d6 13. Qd2 Bg7 14. Qf4 g5 15. Qxd6 Nb4 16. Rfd1 a6 17. a3 Nxd3 18. Qc7 Rb8 19. Qxd8 Rfxd8 20. Nc3 Nxb2 21. Rxd8+ Rxd8 22. Rxb2 Bxc3 0-1

[Event "Abe Yanofsky mem."]
[Site "Winnipeg CAN"]
[Date "2005.09.03"]
[Round "1"]
[White "Gentes, Kevin"]
[Black "Klokow, John"]
[Result "1/2-1/2"]
[WhiteElo "2342"]
[BlackElo "1742"]
[PlyCount "72"]
[GameId "2160767910900326"]
[EventDate "2005.09.03"]
[EventType "swiss"]
[EventRounds "6"]
[EventCountry "CAN"]
[SourceTitle "CBM 108 Extra"]
[Source "ChessBase"]
[SourceDate "2005.11.04"]
[SourceVersion "1"]
[SourceVersionDate "2005.11.04"]
[SourceQuality "1"]

1. e4 e5 2. Nf3 Nc6 3. Bc4 Nf6 4. d3 Be7 5. c3 O-O 6. Nbd2 d5 7. Bb5 Qd6 8. Qe2 Bg4 9. Nf1 d4 10. Bxc6 bxc6 11. c4 Rab8 12. h3 Be6 13. Ng3 Nd7 14. O-O a5 15. Ne1 a4 16. Qc2 Qb4 17. Rb1 Rb7 18. Bd2 Qc5 19. Nf3 Rfb8 20. Ng5 Bxg5 21. Bxg5 f6 22. Bd2 Qe7 23. Qxa4 Rxb2 24. Rxb2 Rxb2 25. Bc1 Rb6 26. Ba3 c5 27. Nf5 Bxf5 28. exf5 Qd6 29. Bc1 Ra6 30. Qc2 Kf7 31. Qe2 Qc6 32. Rd1 Ra8 33. Rd2 Re8 34. Qh5+ Kf8 35. Qxh7 e4 36. Re2 Ne5 1/2-1/2

[Event "Abe Yanofsky mem."]
[Site "Winnipeg CAN"]
[Date "2005.09.03"]
[Round "1"]
[White "Haynes, Nicolas"]
[Black "Einarsson, Ken"]
[Result "1-0"]
[WhiteElo "2042"]
[BlackElo "1587"]
[PlyCount "95"]
[GameId "2160767910900327"]
[EventDate "2005.09.03"]
[EventType "swiss"]
[EventRounds "6"]
[EventCountry "CAN"]
[SourceTitle "CBM 108 Extra"]
[Source "ChessBase"]
[SourceDate "2005.11.04"]
[SourceVersion "1"]
[SourceVersionDate "2005.11.04"]
[SourceQuality "1"]

1. e4 e5 2. Nc3 Nc6 3. f4 d6 4. Nf3 Bg4 5. Bb5 a6 6. Bxc6+ bxc6 7. O-O Nf6 8. d4 exd4 9. Qxd4 Be7 10. b3 c5 11. Qd3 O-O 12. Bb2 Re8 13. Nd2 Qd7 14. f5 c6 15. h3 Bh5 16. Nc4 Rad8 17. e5 dxe5 18. Qxd7 Rxd7 19. g4 Bxg4 20. hxg4 Nxg4 21. Ne4 f6 22. Rae1 Red8 23. Ne3 Nxe3 24. Rxe3 Rd1 25. a4 Rxf1+ 26. Kxf1 g5 27. Ng3 c4 28. bxc4 Rd2 29. Re2 Rxe2 30. Kxe2 Kf7 31. Kf3 Bc5 32. Kg4 Bf2 33. Ne4 Be3 34. Ba3 Bb6 35. Bb4 Bd4 36. Bc5 Bb2 37. Nd6+ Kf8 38. Nb5+ Kf7 39. Nc7 a5 40. Bb6 Bc3 41. Ne6 Ke7 42. Bc5+ Ke8 43. Kf3 h5 44. Ng7+ Kf7 45. Nxh5 Be1 46. Ng3 Bd2 47. Ne2 Ke8 48. Bb6 1-0

[Event "Abe Yanofsky mem."]
[Site "Winnipeg CAN"]
[Date "2005.09.03"]
[Round "1"]
[White "Hinds, Ronald"]
[Black "Thompson, David Seip"]
[Result "1-0"]
[WhiteElo "1913"]
[BlackElo "1367"]
[PlyCount "78"]
[GameId "2160767910900328"]
[EventDate "2005.09.03"]
[EventType "swiss"]
[EventRounds "6"]
[EventCountry "CAN"]
[SourceTitle "CBM 108 Extra"]
[Source "ChessBase"]
[SourceDate "2005.11.04"]
[SourceVersion "1"]
[SourceVersionDate "2005.11.04"]
[SourceQuality "1"]

1. e4 e5 2. Nf3 Nc6 3. d4 exd4 4. Nxd4 Bc5 5. Nxc6 Qf6 6. Qd2 Qxc6 7. Bd3 d6 8. a4 Bd7 9. O-O O-O-O 10. b4 Bd4 11. c3 Bf6 12. Re1 Be6 13. Bb5 Qb6 14. Na3 c5 15. a5 Qc7 16. Bb2 a6 17. Bc4 Ne7 18. Rac1 d5 19. exd5 Nxd5 20. Bxd5 Bxd5 21. Qe3 c4 22. Rcd1 Qc6 23. Qh3+ Kb8 24. Bc1 h6 25. Nc2 Rhe8 26. Qg3+ Ka8 27. h3 Be6 28. Bf4 Qa4 29. Nd4 Bxd4 30. cxd4 Qxb4 31. d5 Rxd5 32. Rb1 Qf8 33. Qe3 Qc5 34. Qc3 g5 35. Be3 Qxa5 36. Qxc4 Rb5 37. Qd4 b6 38. Ra1 Ba2 39. Qd7 Rb8 1-0

[Event "Abe Yanofsky mem."]
[Site "Winnipeg CAN"]
[Date "2005.09.03"]
[Round "1"]
[White "Jarmasz, Mark"]
[Black "Plocek, Jaroslav"]
[Result "1-0"]
[WhiteElo "1977"]
[BlackElo "1532"]
[PlyCount "55"]
[GameId "2160767910900329"]
[EventDate "2005.09.03"]
[EventType "swiss"]
[EventRounds "6"]
[EventCountry "CAN"]
[SourceTitle "CBM 108 Extra"]
[Source "ChessBase"]
[SourceDate "2005.11.04"]
[SourceVersion "1"]
[SourceVersionDate "2005.11.04"]
[SourceQuality "1"]

1. e4 e5 2. Nf3 Nf6 3. Nxe5 Qe7 4. Nf3 Qxe4+ 5. Be2 Be7 6. O-O O-O 7. Nc3 Qb4 8. a3 Qa5 9. d4 c6 10. Bd2 Qd8 11. Re1 Re8 12. Bd3 d6 13. h3 Be6 14. Ng5 Qd7 15. Qf3 g6 16. Nge4 Nxe4 17. Nxe4 f5 18. Ng5 Bd5 19. Qg3 Bf8 20. Rxe8 Qxe8 21. Re1 Qd8 22. Bxf5 Bg7 23. Be6+ Bxe6 24. Nxe6 Qd7 25. Nxg7 Kxg7 26. Qg5 Kf8 27. Qf6+ Qf7 28. Bh6+ 1-0

[Event "Abe Yanofsky mem."]
[Site "Winnipeg CAN"]
[Date "2005.09.03"]
[Round "1"]
[White "Khedkar, Jay S"]
[Black "Enns, Edward"]
[Result "1-0"]
[WhiteElo "1894"]
[BlackElo "1235"]
[PlyCount "51"]
[GameId "2160767910900331"]
[EventDate "2005.09.03"]
[EventType "swiss"]
[EventRounds "6"]
[EventCountry "CAN"]
[SourceTitle "CBM 108 Extra"]
[Source "ChessBase"]
[SourceDate "2005.11.04"]
[SourceVersion "1"]
[SourceVersionDate "2005.11.04"]
[SourceQuality "1"]

1. e4 c5 2. Nf3 d6 3. d4 cxd4 4. Nxd4 a6 5. Nc3 g6 6. Be3 Bg7 7. a4 Nf6 8. Be2 Bd7 9. Qd2 O-O 10. Bh6 Nc6 11. Bxg7 Kxg7 12. O-O Qb6 13. Nb3 Rad8 14. a5 Qc7 15. Nd5 Nxd5 16. exd5 Ne5 17. c4 Nxc4 18. Qc3+ Ne5 19. Qxc7 Rc8 20. Qb6 Rc2 21. Nd4 Rd2 22. Qb4 Rxe2 23. Nxe2 Bb5 24. Rfe1 Nd3 25. Qd4+ Ne5 26. f4 1-0

[Event "Abe Yanofsky mem."]
[Site "Winnipeg CAN"]
[Date "2005.09.03"]
[Round "1"]
[White "Klassen, Paul"]
[Black "Lauritson, Jim"]
[Result "0-1"]
[WhiteElo "1461"]
[BlackElo "1936"]
[PlyCount "70"]
[GameId "2160767910900332"]
[EventDate "2005.09.03"]
[EventType "swiss"]
[EventRounds "6"]
[EventCountry "CAN"]
[SourceTitle "CBM 108 Extra"]
[Source "ChessBase"]
[SourceDate "2005.11.04"]
[SourceVersion "1"]
[SourceVersionDate "2005.11.04"]
[SourceQuality "1"]

1. d4 Nf6 2. e3 e6 3. Bd3 c5 4. c3 b6 5. f4 Bb7 6. Nf3 Be7 7. O-O O-O 8. Nbd2 Qc7 9. Qc2 g6 10. Ne4 Nxe4 11. Bxe4 Nc6 12. Ng5 d5 13. Nxe6 fxe6 14. Bxg6 Bf6 15. Bh5 cxd4 16. cxd4 Rac8 17. Qe2 Qg7 18. Rf3 Kh8 19. Rg3 Qe7 20. Bd2 Nb4 21. Bc3 Nc6 22. Rf1 Nd8 23. Rff3 Nf7 24. Rh3 Rg8 25. Qd3 Nd6 26. Bg6 Rg7 27. Rh6 Ne4 28. Rfh3 Rc7 29. g4 Qf8 30. g5 Bd8 31. Bxe4 dxe4 32. Qe2 Bd5 33. a3 Bxg5 34. fxg5 Rxg5+ 35. Kh1 Rf7 0-1

[Event "Abe Yanofsky mem."]
[Site "Winnipeg CAN"]
[Date "2005.09.03"]
[Round "1"]
[White "Kwiatek, Jordan"]
[Black "Haessel, Dale"]
[Result "0-1"]
[WhiteElo "1724"]
[BlackElo "2254"]
[PlyCount "74"]
[GameId "2160767910900333"]
[EventDate "2005.09.03"]
[EventType "swiss"]
[EventRounds "6"]
[EventCountry "CAN"]
[SourceTitle "CBM 108 Extra"]
[Source "ChessBase"]
[SourceDate "2005.11.04"]
[SourceVersion "1"]
[SourceVersionDate "2005.11.04"]
[SourceQuality "1"]

1. d4 Nf6 2. Bg5 g6 3. Bxf6 exf6 4. e3 f5 5. g3 Bg7 6. c4 O-O 7. Bg2 c6 8. Nc3 d6 9. Nge2 Nd7 10. O-O Rb8 11. b4 a6 12. a4 Nf6 13. c5 dxc5 14. bxc5 Re8 15. Qd3 Qe7 16. Rab1 Be6 17. Nf4 Rbd8 18. Rfd1 Bc8 19. Qc4 g5 20. Nd3 Ne4 21. Ne2 Be6 22. Qb4 Rd7 23. Nb2 b5 24. axb5 axb5 25. Ra1 Bd5 26. Rf1 Nf6 27. Ra6 Bxg2 28. Kxg2 Qe4+ 29. Kg1 Nd5 30. Qa3 f4 31. Nd1 f3 32. Nc1 Qg4 33. Nd3 Bxd4 34. exd4 Qh3 35. Nf4 Nxf4 36. Qxf3 Ne2+ 37. Kh1 Qxf1# 0-1

[Event "Abe Yanofsky mem."]
[Site "Winnipeg CAN"]
[Date "2005.09.03"]
[Round "1"]
[White "Lafreniere, Adrian"]
[Black "Matveeva, Svetlana"]
[Result "0-1"]
[WhiteElo "1763"]
[BlackElo "2464"]
[PlyCount "91"]
[GameId "2160767910900334"]
[EventDate "2005.09.03"]
[EventType "swiss"]
[EventRounds "6"]
[EventCountry "CAN"]
[SourceTitle "CBM 108 Extra"]
[Source "ChessBase"]
[SourceDate "2005.11.04"]
[SourceVersion "1"]
[SourceVersionDate "2005.11.04"]
[SourceQuality "1"]

1. c4 Nf6 2. Nc3 c5 3. g3 e6 4. e4 Nc6 5. Bg2 d6 6. d3 Be7 7. Nge2 a6 8. O-O Rb8 9. Be3 b5 10. b3 b4 11. Na4 e5 12. h3 Bd7 13. Nb2 Qc8 14. Kh2 h5 15. f4 h4 16. f5 hxg3+ 17. Nxg3 Nd4 18. Bxd4 cxd4 19. Qf3 Rh4 20. Kg1 Qc5 21. Rf2 Kd8 22. Re1 Kc7 23. Nd1 Nh7 24. Bf1 Bg5 25. Ne2 Rh8 26. Rg2 Bd2 27. Qf2 Ng5 28. Rg3 Bxe1 29. Qxe1 Nxh3+ 30. Bxh3 Rxh3 31. Rxh3 Rxh3 32. Nf2 Rh8 33. Ng3 a5 34. Qe2 a4 35. Qg4 axb3 36. axb3 g6 37. Qg5 Qa5 38. Kg2 Qa8 39. fxg6 fxg6 40. Qxg6 Qf8 41. Nfh1 Bh3+ 42. Kg1 Qf3 43. Qg7+ Kc6 44. Nf5 Qf1+ 45. Kh2 Bg2+ 46. Kg3 0-1

[Event "Abe Yanofsky mem."]
[Site "Winnipeg CAN"]
[Date "2005.09.03"]
[Round "1"]
[White "Lipnowski, Irwin"]
[Black "Curtis, Rory"]
[Result "1-0"]
[WhiteElo "2252"]
[BlackElo "1702"]
[PlyCount "85"]
[GameId "2160767910900335"]
[EventDate "2005.09.03"]
[EventType "swiss"]
[EventRounds "6"]
[EventCountry "CAN"]
[SourceTitle "CBM 108 Extra"]
[Source "ChessBase"]
[SourceDate "2005.11.04"]
[SourceVersion "1"]
[SourceVersionDate "2005.11.04"]
[SourceQuality "1"]

1. d4 d5 2. c4 c6 3. Nf3 Nf6 4. Qc2 e6 5. g3 Be7 6. Bg2 O-O 7. O-O Nbd7 8. Nbd2 b6 9. b3 Bb7 10. Bb2 Rc8 11. Rac1 c5 12. Qb1 dxc4 13. Nxc4 Be4 14. Qa1 b5 15. Ncd2 Bg6 16. Rfd1 Qb6 17. dxc5 Bxc5 18. Bd4 e5 19. Bxc5 Rxc5 20. b4 Rxc1 21. Rxc1 Ng4 22. e3 Re8 23. Qc3 e4 24. Nd4 Ngf6 25. Qc6 Qxc6 26. Rxc6 Ne5 27. Rc7 Ra8 28. Nxb5 Nd3 29. a3 Nd5 30. Rxa7 Rxa7 31. Nxa7 N5xb4 32. axb4 Nxb4 33. Nxe4 Kf8 34. Nc3 Bd3 35. Nc6 Na6 36. Bf1 Bxf1 37. Kxf1 Nc5 38. Ke2 f6 39. e4 g5 40. Ke3 Kf7 41. Nd5 Nd7 42. Kd4 h5 43. Ne3 1-0

[Event "Abe Yanofsky mem."]
[Site "Winnipeg CAN"]
[Date "2005.09.03"]
[Round "1"]
[White "Lipnowski, Samuel"]
[Black "Wasney, Mark"]
[Result "1-0"]
[WhiteElo "2126"]
[BlackElo "1681"]
[PlyCount "45"]
[GameId "2160767910900336"]
[EventDate "2005.09.03"]
[EventType "swiss"]
[EventRounds "6"]
[EventCountry "CAN"]
[SourceTitle "CBM 108 Extra"]
[Source "ChessBase"]
[SourceDate "2005.11.04"]
[SourceVersion "1"]
[SourceVersionDate "2005.11.04"]
[SourceQuality "1"]

1. d4 d5 2. c4 c6 3. Nc3 Nf6 4. e3 e6 5. Nf3 Bd6 6. Bd3 Nbd7 7. O-O O-O 8. e4 dxe4 9. Nxe4 Nxe4 10. Bxe4 Nf6 11. Bc2 h6 12. Qd3 Qc7 13. c5 Bf4 14. Bxf4 Qxf4 15. Ne5 Rd8 16. Rad1 Bd7 17. g3 Qg5 18. h4 Qh5 19. Rfe1 Kf8 20. Rd2 Ke7 21. Bd1 Qf5 22. Qxf5 exf5 23. Ng6# 1-0

[Event "Abe Yanofsky mem."]
[Site "Winnipeg CAN"]
[Date "2005.09.03"]
[Round "1"]
[White "Magyar, Peter"]
[Black "Babb, Jeff"]
[Result "0-1"]
[WhiteElo "1685"]
[BlackElo "2166"]
[PlyCount "28"]
[GameId "2160767910900337"]
[EventDate "2005.09.03"]
[EventType "swiss"]
[EventRounds "6"]
[EventCountry "CAN"]
[SourceTitle "CBM 108 Extra"]
[Source "ChessBase"]
[SourceDate "2005.11.04"]
[SourceVersion "1"]
[SourceVersionDate "2005.11.04"]
[SourceQuality "1"]

1. e4 e5 2. Nc3 Nf6 3. Bc4 Nc6 4. d3 Bc5 5. Nf3 d6 6. O-O Bg4 7. Bg5 Nd4 8. Bxf6 Qxf6 9. Nd5 Qg6 10. Kh1 Qh5 11. Nxc7+ Kd8 12. Nxa8 Nxf3 13. h3 Bxh3 14. Qxf3 Bg4+ 0-1

[Event "Abe Yanofsky mem."]
[Site "Winnipeg CAN"]
[Date "2005.09.03"]
[Round "1"]
[White "Melamedoff, Gustavo"]
[Black "Corsmeier, Tom"]
[Result "1-0"]
[WhiteElo "2024"]
[BlackElo "1586"]
[PlyCount "60"]
[GameId "2160767910900338"]
[EventDate "2005.09.03"]
[EventType "swiss"]
[EventRounds "6"]
[EventCountry "CAN"]
[SourceTitle "CBM 108 Extra"]
[Source "ChessBase"]
[SourceDate "2005.11.04"]
[SourceVersion "1"]
[SourceVersionDate "2005.11.04"]
[SourceQuality "1"]

1. c4 f5 2. g3 Nf6 3. Bg2 e6 4. b3 d5 5. Bb2 c6 6. e3 Nbd7 7. Ne2 Bd6 8. O-O e5 9. cxd5 cxd5 10. Nbc3 e4 11. Nb5 Nc5 12. Nxd6+ Qxd6 13. Ba3 Qb6 14. Qc2 Nd3 15. Nc1 Nb4 16. Qc3 a5 17. Qe5+ Kf7 18. Bb2 Bd7 19. Bd4 Qc6 20. Bc3 Nc2 21. Ne2 Rhe8 22. Nd4 Nxd4 23. Qxd4 b5 24. Rfc1 Qd6 25. Bf1 b4 26. Bb2 Rec8 27. Rc4 Qb8 28. Rxc8 Bxc8 29. Rc1 a4 30. Rc6 Ra6 1-0

[Event "Abe Yanofsky mem."]
[Site "Winnipeg CAN"]
[Date "2005.09.03"]
[Round "1"]
[White "Mu, Yuchen"]
[Black "Geley, Shawn"]
[Result "1-0"]
[WhiteElo "1990"]
[BlackElo "1540"]
[PlyCount "85"]
[GameId "2160767910900339"]
[EventDate "2005.09.03"]
[EventType "swiss"]
[EventRounds "6"]
[EventCountry "CAN"]
[SourceTitle "CBM 108 Extra"]
[Source "ChessBase"]
[SourceDate "2005.11.04"]
[SourceVersion "1"]
[SourceVersionDate "2005.11.04"]
[SourceQuality "1"]

1. e4 e5 2. f4 Bc5 3. Nf3 d6 4. Nc3 Nc6 5. Na4 Bg4 6. Nxc5 dxc5 7. Bb5 Bxf3 8. Qxf3 Qh4+ 9. g3 Qf6 10. O-O exf4 11. e5 Qe6 12. Bxc6+ bxc6 13. Qxf4 Nh6 14. b3 O-O-O 15. Bb2 Rhe8 16. Rae1 Qg6 17. d3 Re6 18. Qc4 Ng4 19. Re4 h5 20. Qxc5 Rd5 21. Qf8+ Kb7 22. Rb4+ Rb5 23. Rxb5+ cxb5 24. Qc5 a6 25. Bd4 h4 26. Qa7+ Kc8 27. Qa8+ Kd7 28. Qf3 Ke8 29. Re1 f5 30. Kg2 hxg3 31. hxg3 Qh6 32. Qxf5 Qh2+ 33. Kf3 Nxe5+ 34. Bxe5 Ke7 35. Qg5+ Kd7 36. Qxg7+ Re7 37. Qg4+ Ke8 38. Qg8+ Kd7 39. Qd5+ Ke8 40. Qc6+ Kf7 41. Kg4 Qf2 42. Re4 Qa7 43. Rf4+ 1-0

[Event "Abe Yanofsky mem."]
[Site "Winnipeg CAN"]
[Date "2005.09.03"]
[Round "1"]
[White "Oberton, Daniel"]
[Black "Rekhson, Vladislav"]
[Result "1/2-1/2"]
[WhiteElo "1661"]
[BlackElo "2120"]
[PlyCount "103"]
[GameId "2160767910900340"]
[EventDate "2005.09.03"]
[EventType "swiss"]
[EventRounds "6"]
[EventCountry "CAN"]
[SourceTitle "CBM 108 Extra"]
[Source "ChessBase"]
[SourceDate "2005.11.04"]
[SourceVersion "1"]
[SourceVersionDate "2005.11.04"]
[SourceQuality "1"]

1. e4 c5 2. d4 cxd4 3. c3 d3 4. Bxd3 d6 5. c4 Nf6 6. Nf3 Nc6 7. Nc3 g6 8. Be3 Bg7 9. Qd2 O-O 10. a3 Ng4 11. Bf4 Bd7 12. h3 Nge5 13. Nxe5 Nxe5 14. Rc1 Rc8 15. Bxe5 Bxe5 16. O-O Qa5 17. Qe2 Bxc3 18. Rxc3 Be6 19. Rfc1 Rc7 20. f4 f5 21. exf5 Bxf5 22. Bxf5 Qxf5 23. Rf1 Rf6 24. g4 Qc5+ 25. Kg2 Qd4 26. Kg3 d5 27. cxd5 Rxc3+ 28. bxc3 Qxc3+ 29. Rf3 Qc5 30. Qe4 Qd6 31. Qc4 g5 32. Qc8+ Kg7 33. Qxb7 Rxf4 34. Rxf4 Qxf4+ 35. Kg2 Qd2+ 36. Kf3 Qd3+ 37. Kg2 Qxa3 38. d6 Qxd6 39. Qxa7 Qf6 40. Qb7 Kf7 41. Qd5+ e6 42. Qb7+ Qe7 43. Qf3+ Kg7 44. Qe3 e5 45. Kg3 Qf6 46. Qa7+ Kg6 47. Qa8 Qf4+ 48. Kg2 e4 49. Qc6+ Kf7 50. Qd7+ Kf6 51. Qc6+ Ke7 52. Qc5+ 1/2-1/2

[Event "Abe Yanofsky mem."]
[Site "Winnipeg CAN"]
[Date "2005.09.03"]
[Round "1"]
[White "Pierre, Rolland"]
[Black "Tang, Edward"]
[Result "0-1"]
[WhiteElo "1537"]
[BlackElo "1985"]
[PlyCount "62"]
[GameId "2160767910900341"]
[EventDate "2005.09.03"]
[EventType "swiss"]
[EventRounds "6"]
[EventCountry "CAN"]
[SourceTitle "CBM 108 Extra"]
[Source "ChessBase"]
[SourceDate "2005.11.04"]
[SourceVersion "1"]
[SourceVersionDate "2005.11.04"]
[SourceQuality "1"]

1. e4 c5 2. Nf3 d6 3. Bb5+ Bd7 4. Bxd7+ Qxd7 5. O-O Nc6 6. c3 Nf6 7. Re1 e6 8. d4 cxd4 9. cxd4 d5 10. e5 Ne4 11. a3 Be7 12. Nbd2 Nxd2 13. Bxd2 O-O 14. Rc1 f6 15. Bf4 Na5 16. Qe2 f5 17. h4 Rfc8 18. h5 Nb3 19. Rxc8+ Rxc8 20. Qe3 Qa4 21. Qd3 Qc4 22. Qe3 Bd8 23. Ng5 Bxg5 24. Bxg5 Nxd4 25. Kh2 Nc2 26. Qd2 Nxe1 27. Qxe1 Qg4 28. Be3 f4 29. Bxa7 Qxh5+ 30. Kg1 Qe8 31. Bd4 Qa4 0-1

[Event "Abe Yanofsky mem."]
[Site "Winnipeg CAN"]
[Date "2005.09.03"]
[Round "1"]
[White "Remillard, John"]
[Black "Vincent, Trevor"]
[Result "0-1"]
[WhiteElo "1587"]
[BlackElo "2034"]
[PlyCount "72"]
[GameId "2160767910900342"]
[EventDate "2005.09.03"]
[EventType "swiss"]
[EventRounds "6"]
[EventCountry "CAN"]
[SourceTitle "CBM 108 Extra"]
[Source "ChessBase"]
[SourceDate "2005.11.04"]
[SourceVersion "1"]
[SourceVersionDate "2005.11.04"]
[SourceQuality "1"]

1. e4 c5 2. Nf3 Nc6 3. d4 cxd4 4. Nxd4 g6 5. Nxc6 bxc6 6. Qd4 Nf6 7. e5 Nd5 8. e6 f6 9. exd7+ Bxd7 10. Bc4 e5 11. Qh4 Bg7 12. O-O O-O 13. Rd1 Be6 14. Nc3 Qa5 15. Bd2 Qc5 16. Nxd5 cxd5 17. Bb3 Rfd8 18. Bb4 Qc7 19. Qg3 a5 20. c4 dxc4 21. Bxa5 Qxa5 22. Bc2 Rd2 23. Rxd2 Qxd2 24. Be4 Rxa2 25. Rf1 Rxb2 26. Qa3 Bf8 27. Qa6 Qd6 28. Qa1 c3 29. Rd1 Qb6 30. Rb1 Rxb1+ 31. Bxb1 Qb3 32. Be4 f5 33. Bd3 e4 34. Be2 c2 35. h4 Qb1+ 36. Qxb1 cxb1=Q+ 0-1